书目信息 |
| 题名: |
大学生艾滋病知识读本
|
|
| 作者: | 薛茜 主编 | |
| 分册: | ||
| 出版信息: | 北京 清华大学出版社 2006 |
|
| 页数: | 161页 | |
| 开本: | 23cm | |
| 丛书名: | ||
| 单 册: | ||
| 中图分类: | R512.91 | |
| 科图分类: | ||
| 主题词: | 获得性免疫缺陷综合征--防治--高等学校--课外读物 , 获得性免疫缺陷综合征 | |
| 电子资源: | ||
| ISBN: | 7-302-12337-3 | |
| 000 | 00777nam0 2200229 450 | |
| 001 | 003126173 | |
| 005 | 20070803144658.98 | |
| 010 | @a7-302-12337-3@dCNY15.00 | |
| 100 | @a20060119d2006 em y0chiy0110 ea | |
| 101 | 0 | @achi |
| 102 | @aCN@b110000 | |
| 105 | @ay z 000yy | |
| 200 | 1 | @a大学生艾滋病知识读本@9da xue sheng ai zi bing zhi shi du ben@f薛茜主编 |
| 210 | @a北京@c清华大学出版社@d2006 | |
| 215 | @a161页@d23cm | |
| 330 | @a本书系统介绍艾滋病的病原学、流行病学、诊断与治疗、预防策略与措施、防治政策与伦理问题、健康教育与行为干预等。 | |
| 606 | 0 | @a获得性免疫缺陷综合征@x防治@x高等学校@j课外读物 |
| 606 | 0 | @a获得性免疫缺陷综合征 |
| 690 | @aR512.91@v4 | |
| 701 | 0 | @a薛茜@9xue qian@c(医学知识)@4主编 |
| 801 | 0 | @aCN@bNLC@c20070803 |
| 905 | @a10447@dR512.91@e110 | |
| 大学生艾滋病知识读本/薛茜主编.-北京:清华大学出版社,2006 |
| 161页;23cm |
| ISBN 7-302-12337-3:CNY15.00 |
| 本书系统介绍艾滋病的病原学、流行病学、诊断与治疗、预防策略与措施、防治政策与伦理问题、健康教育与行为干预等。 |
| ● |
| 相关链接 |
|
|
|
|
正题名:大学生艾滋病知识读本
索取号:R512.91/110
 
预约/预借
| 序号 | 登录号 | 条形码 | 馆藏地/架位号 | 状态 | 备注 |
| 1 | 0801151 | 208011514 | 第二样本阅览室/ [索取号:R512.91/110] | 在馆 | |
| 2 | 0801152 | 208011523 | 教育系资料室/ [索取号:R512.91/110] | 在馆 | |
| 3 | 0801153 | 208011532 | 第三借阅区/ [索取号:R512.91/110] | 在馆 | |
| 4 | 0801154 | 208011541 | 第三借阅区/ [索取号:R512.91/110] | 在馆 | |
| 5 | 0801155 | 208011550 | 第三借阅区/ [索取号:R512.91/110] | 在馆 | |
| 6 | 0801156 | 208011569 | 教育系资料室/ [索取号:R512.91/110] | 在馆 | |
| 7 | 0801157 | 208011578 | 第三借阅区/ [索取号:R512.91/110] | 在馆 | |
| 8 | 0801158 | 208011587 | 教育系资料室/ [索取号:R512.91/110] | 在馆 | |
| 9 | 0801159 | 208011596 | 教育系资料室/ [索取号:R512.91/110] | 在馆 | |
| 10 | 0801160 | 208011603 | 教育系资料室/ [索取号:R512.91/110] | 在馆 |